00627nam a2200217Ia 4500003000900000008004100009020001800050040001600068080001500084100002000099245011200119250001200231260003800243300001700281650001100298650001800309650001600327650002700343650002100370700001800391IN-BaIIA211028s9999 xx 000 0 eng d a9971-51-401-X cIIA Library a621.9bJUV aJuninall, R. C. 0aFundamentals of machine component designcR. C. Juninall and K. M. Marshek  a3rd ed. aNew YorkbJohn Wiley & Sonsc2002 axxiii, 888p. aDesign aLoad Analysis aLubrication aMechanical Engineering aSliding Bearings aMarshek, K.M.